01455nam a22002897a 450000500170000000800410001702000150005804000070007304100080008008200200008810000260010824500970013426000260023130000300025736500240028752003520031165000200066365000700068365000360075365000410078965000260083065000310085670000270088794200120091499900190092695202200094520250630124240.0220120b ||||| |||| 00| 0 eng d a8185604185 cAL aeng 223a294.3bILAW aKancha Ilaiah9216596 aWhy I am Not a Hindu: A Sudra Critique of Hindutva Philosophy, Culture and Political Economy aCalcuttabSamyac1996 axii,132 p.bPBc21x14 cm. b120.00c₹d120.00 aIn this manifesto for the downtrodden, the author examines the socio-economic and cultural differences between the Dalitbahujans (the majority, the so-called low castes) and other Hindus in the contexts of childhood, family life, market relations, power relations, Gods and Goddesses, death and, not least, Hindutva (ideology of the Hindu Right).  aHinduism913950 a Controversial literature, Religion and politics ofIndia, 913951 aSocial life and customs9216597 aDalitization not Hinduization913952 aNeo-Kshatriyas913953 aChildhood Formation913954 aILAIAH (Kancha)913955 2ddccGF c221265d221265 00102ddc40708OTHaALbALd2013-03-24l1o294.3 ILAWpGF00941r2025-07-21 14:06:30s2025-06-30uhttps://theannihilationofcastereadinggroup.files.wordpress.com/2013/03/why-i-am-not-a-hindu-fr10.pdfw2022-01-20yGF